000 00560nam a2200217Ia 4500
003 OSt
005 20220928145013.0
006 a|||||r|||| 00| 0
007 ta
008 220927b |||||||| |||| 00| 0 eng d
024 _a78202
037 _cTextual
040 _aSDCL
_cSDCL
_beng
041 _2eng
_aeng
082 _aS:25, L7
100 _aDesmedt John E Ed.
_9511195
245 0 _aVisual evoked potentials in man
_b New developments.
260 _c1977
942 _hS:25, L7
_cTEXL
_2CC
999 _c831423
_d831423